[Event "LSS SB-2009-0-00001"]
[Site "LSS email"]
[Date "2009.11.22"]
[Round "?"]
[White "Best, Herbert A"]
[Black "Storr, William"]
[Result "0-1"]
[WhiteElo "1700"]
[BlackElo "1829"]
[PlyCount "50"]
[EventDate "2009.10.22"]
[EventType "tourn (corr)"]
[EventRounds "12"]
[EventCountry "GER"]
[SourceTitle "Telechess CBM 137"]
[Source "ChessBase"]
[SourceDate "2010.07.15"]
[SourceVersion "1"]
[SourceVersionDate "2010.07.15"]
[SourceQuality "1"]

1. e4 c5 2. Nf3 d6 3. d4 cxd4 4. Nxd4 Nf6 5. Nc3 a6 6. Bd3 e6 7. 0-0 b5 8. Bg5 Be7 9. Qf3 Bb7 10. Rae1 Nbd7 11. a3 0-0 12. Qh3 h6 13. f4 hxg5 14. fxg5 Nh7 15. Rxf7 Nxg5 16. Rxg7+ Kxg7 17. Nxe6+ Nxe6 18. Qxe6 Rf6 19. Qg4+ Rg6 20. Qe2 Ne5 21. Nd5 Bxd5 22. exd5 Nxd3 23. Qxd3 Bf6 24. Re6 Qb6+ 25. Kh1 Qf2 0-1

[Event "LSS SB-2009-0-00001"]
[Site "LSS email"]
[Date "2009.10.23"]
[Round "?"]
[White "Quirck, Michael"]
[Black "Storr, William"]
[Result "1-0"]
[WhiteElo "1922"]
[BlackElo "1829"]
[PlyCount "37"]
[EventDate "2009.10.22"]
[EventType "tourn (corr)"]
[EventRounds "12"]
[EventCountry "GER"]
[SourceTitle "Telechess CBM 137"]
[Source "ChessBase"]
[SourceDate "2010.07.15"]
[SourceVersion "1"]
[SourceVersionDate "2010.07.15"]
[SourceQuality "1"]

1. d4 d5 2. c4 dxc4 3. Nf3 a6 4. e4 b5 5. a4 Bb7 6. axb5 axb5 7. Rxa8 Bxa8 8. Nc3 c6 9. d5 Nf6 10. Bf4 b4 11. Qa4 bxc3 12. Bxc4 cxb2 13. 0-0 Qb6 14. Rb1 Nxe4 15. Qxa8 Qxf2+ 16. Kh1 Qb6 17. Be3 c5 18. Ne5 e6 19. dxe6 1-0

[Event "LSS SB-2009-0-00001"]
[Site "LSS email"]
[Date "2009.10.23"]
[Round "?"]
[White "Storr, William"]
[Black "Anderson, Lawrence D"]
[Result "1-0"]
[WhiteElo "1829"]
[BlackElo "1933"]
[PlyCount "25"]
[EventDate "2009.10.22"]
[EventType "tourn (corr)"]
[EventRounds "12"]
[EventCountry "GER"]
[SourceTitle "Corr 2013"]
[Source "ChessBase"]
[SourceDate "2012.11.12"]
[SourceVersion "1"]
[SourceVersionDate "2012.11.12"]
[SourceQuality "1"]
[WhiteTeam "US of America"]
[BlackTeam "US of America"]
[WhiteTeamCountry "USA"]
[BlackTeamCountry "USA"]

1. d4 Nf6 2. c4 e6 3. Nf3 c5 4. d5 d6 5. e4 Nxe4 6. Bd3 Qa5+ 7. Nfd2 Nxd2 8. Bxd2 Bd7 9. Bxa5 b6 10. Bd2 Be7 11. dxe6 Bxe6 12. Qf3 d5 13. cxd5 1-0

[Event "LSS SB-2009-0-00001"]
[Site "LSS email"]
[Date "2009.10.23"]
[Round "?"]
[White "Storr, William"]
[Black "Evans, Stanley W"]
[Result "1-0"]
[WhiteElo "1829"]
[BlackElo "1279"]
[PlyCount "45"]
[EventDate "2009.10.22"]
[EventType "tourn (corr)"]
[EventRounds "12"]
[EventCountry "GER"]
[SourceTitle "Telechess CBM 137"]
[Source "ChessBase"]
[SourceDate "2010.07.15"]
[SourceVersion "1"]
[SourceVersionDate "2010.07.15"]
[SourceQuality "1"]

1. d4 e5 2. dxe5 Bc5 3. Nf3 Qe7 4. Nc3 Nc6 5. Nd5 Qd8 6. Bg5 f6 7. exf6 Nxf6 8. Bxf6 gxf6 9. e4 d6 10. Bc4 Bg4 11. c3 Ne5 12. Be2 0-0 13. b4 Bb6 14. Nxb6 axb6 15. Qb3+ Kg7 16. Nd4 Bxe2 17. Ne6+ Kh8 18. Nxd8 Bc4 19. Qc2 Raxd8 20. 0-0-0 Bd3 21. Rxd3 Nxd3+ 22. Qxd3 c6 23. c4 1-0

[Event "LSS SB-2009-0-00001"]
[Site "LSS email"]
[Date "2009.10.23"]
[Round "?"]
[White "Storr, William"]
[Black "Holmquist, Marson C"]
[Result "1-0"]
[WhiteElo "1829"]
[BlackElo "1286"]
[PlyCount "69"]
[EventDate "2009.10.22"]
[EventType "tourn (corr)"]
[EventRounds "12"]
[EventCountry "GER"]
[SourceTitle "Telechess CBM 137"]
[Source "ChessBase"]
[SourceDate "2010.07.15"]
[SourceVersion "1"]
[SourceVersionDate "2010.07.15"]
[SourceQuality "1"]

1. d4 d5 2. c4 c6 3. Nc3 Nf6 4. e3 e6 5. Nf3 Bb4 6. Bd2 0-0 7. a3 Ba5 8. Bd3 Nbd7 9. Qc2 Re8 10. 0-0 e5 11. dxe5 Nxe5 12. Nxe5 Rxe5 13. cxd5 cxd5 14. Nb5 a6 15. Bxa5 Qxa5 16. b4 Qb6 17. Qc7 Qe6 18. Nd4 Qd7 19. Qxe5 Ng4 20. Qg3 Qe7 21. Nf5 Bxf5 22. Bxf5 Nh6 23. Bc2 Rc8 24. Rac1 f5 25. Bb3 Re8 26. Bxd5+ Kh8 27. Rc7 Qf6 28. Bxb7 Ng4 29. h3 Qd8 30. hxg4 f4 31. Qxf4 Qh4 32. Rc8 Qe7 33. Qb8 h6 34. Rxe8+ Kh7 35. Rxe7 1-0

[Event "LSS SB-2009-0-00001"]
[Site "LSS email"]
[Date "2009.10.23"]
[Round "?"]
[White "Storr, William"]
[Black "Quirk, Michael"]
[Result "1/2-1/2"]
[WhiteElo "1829"]
[BlackElo "1922"]
[PlyCount "60"]
[EventDate "2009.10.22"]
[EventType "tourn (corr)"]
[EventRounds "12"]
[EventCountry "GER"]
[SourceTitle "Corr 2013"]
[Source "ChessBase"]
[SourceDate "2012.11.12"]
[SourceVersion "1"]
[SourceVersionDate "2012.11.12"]
[SourceQuality "1"]
[WhiteTeam "US of America"]
[BlackTeam "US of America"]
[WhiteTeamCountry "USA"]
[BlackTeamCountry "USA"]

1. d4 Nf6 2. c4 g6 3. Nc3 Bg7 4. e4 d6 5. Nf3 0-0 6. Be2 e5 7. 0-0 Nc6 8. d5 Ne7 9. b4 a5 10. Ba3 axb4 11. Bxb4 b6 12. a4 Ne8 13. Nb5 f5 14. Nd2 c6 15. dxc6 Nxc6 16. Qb3 Nxb4 17. Qxb4 Bb7 18. Bf3 Bh6 19. Rfe1 Bf4 20. Nf1 Qc8 21. Nxd6 Nxd6 22. Qxd6 Qxc4 23. Qxb6 fxe4 24. Be2 Qf7 25. g3 Bg5 26. Bc4 Qxc4 27. Qxb7 Rxa4 28. Rxa4 Qxa4 29. Qd5+ Rf7 30. Rxe4 Qc2 1/2-1/2